| 000 | 00632nam a22001817a 4500 | ||
|---|---|---|---|
| 999 |
_c62293 _d62293 |
||
| 005 | 20240919125853.0 | ||
| 008 | 240919s2019 enk||||| |||| 00| 0 eng d | ||
| 020 | _a9781099617201x | ||
| 041 | _aeng | ||
| 080 | _a338.22 K-81 | ||
| 100 |
_aKratter, Matthew R. _923243 |
||
| 245 |
_aA Beginner's Guide to the Stock Market: Everything You Need to Start Making Money Today _cMatthew R. Kratter. |
||
| 264 | _c2019. | ||
| 300 |
_a89 p.; _b23 cm. |
||
| 653 | _aფულის გამომუშავება საფონდო ბირჟაზე | ||
| 653 | _aფინანსები | ||
| 942 |
_2udc _cᲬᲘᲒᲜᲘ |
||